000 00386nam a2200157Ia 4500
008 151213s9999 xx 000 0 und d
100 _aAbu Taher Mojumder
245 _aForum Lectures
_cAbu Taher Mojumder
250 _a1st
260 _aA. U. S
_bMc Grow
_c1979
300 _a4312 p.
650 _aLiterature
650 _aLiterature
700 _aAbu Taher Mojumder
999 _c2726
_d2726